| 000 | 00748nam a2200217 a 4500 | ||
|---|---|---|---|
| 005 | 20210223131906.0 | ||
| 008 | 121019s2008 mx r 000 0 spa d | ||
| 020 | _a9788476002964 | ||
| 035 | _aUPN01000187789 | ||
| 049 | _aCG | ||
| 050 | 4 |
_aHD6276 R2 _bW5.2 |
|
| 100 | 1 |
_aWillis, Paul E. _932654 |
|
| 245 | 1 | 0 |
_aAprendiendo a trabajar : _bcómo los chicos de la clase obrera consiguen trabajos de clase obrera / _cPaul Willis ; tr. Rafael Feito. |
| 260 |
_aMadrid : _bAkal, _cc2008. |
||
| 300 | _a230 p. | ||
| 440 | 0 |
_aAkal universitaria ; _v118 |
|
| 534 |
_pTítulo original: _tLearning to labor : how working class kids get working class jobs |
||
| 650 | 4 |
_aJUVENTUD - _xEMPLEO - _zGRAN BRETAÑA _921292 |
|
| 905 | _aLibro | ||
| 999 |
_c159892 _d159892 |
||